000 00438nam a2200181Ia 4500
005 20250326141611.0
008 250326s9999 xx 000 0 und d
037 _aTextbook
040 _aFMSL
_beng
_cFMSL
041 _aeng
_2eng
084 _qFMSL
100 _aTAXMANNS
245 0 _aBudget 1991-92
_cTAXMANNS
260 _aDelhi
_bDelhi, Taxmann's Pub.
_c1991
300 _a148p
942 _cTB
999 _c1291091
_d1291091